الصحافة الإسلامية في مصر بين عبد الناصر و السادات 1952-1981 / (رقم التسجيلة. 6107)

تفاصيل مارك
000 -LEADER
fixed length control field 00589nam a22001697a 4500
005 - DATE AND TIME OF LATEST TRANSACTION
control field 20251108164209.0
008 - FIXED-LENGTH DATA ELEMENTS--GENERAL INFORMATION
fixed length control field 250721s1990 xx 000 0 ara d
082 14 - DEWEY DECIMAL CLASSIFICATION NUMBER
Classification number 070.962/محم
100 1# - MAIN ENTRY--PERSONAL NAME
Personal name هيبه، محمد منصور محمود
245 10 - TITLE STATEMENT
Title الصحافة الإسلامية في مصر بين عبد الناصر و السادات 1952-1981 /
264 1# - PRODUCTION, PUBLICATION, DISTRIBUTION, MANUFACTURE, AND COPYRIGHT NOTICE
Place of production, publication, distribution, manufacture المنصورة :
Name of producer, publisher, distributor, manufacturer دار الوفاء للطباعة و النشر و التوزيع،
Date of production, publication, distribution, manufacture, or copyright notice 1990.
300 ## - PHYSICAL DESCRIPTION
Extent 470ص
650 17 - SUBJECT ADDED ENTRY--TOPICAL TERM
Topical term or geographic name as entry element الصحافة
650 17 - SUBJECT ADDED ENTRY--TOPICAL TERM
Topical term or geographic name as entry element تاريخ مصر
942 ## - ADDED ENTRY ELEMENTS (KOHA)
Source of classification or shelving scheme Dewey Decimal Classification
Koha item type كتب
المقتنيات
حالة السحب حالة الفقدان مصدر التصنيف حالة التلف غير قابل للإعارة المكتبة الرئيسية المكتبة الحالية موقع الرف تاريخ التزويد الرقم المتسلسل Total Checkouts رقم الإستدعاء تاريخ آخر ظهور تاريخ الفاتورة نوع المادة (كوها) الباركود
    Dewey Decimal Classification Unchecked   مكتبة النصر العامة مكتبة النصر العامة الإعارة 06/07/2004 5766   070.962/محم 28/07/2025 06/07/2004 كتب  
    Dewey Decimal Classification     مكتبة صويلح العامة مكتبة صويلح العامة الإعارة 20/06/2015 7763   070.962/محم 28/07/2025 20/06/2015 كتب PLD00332566
Implemented & Customized by: BBB with SCIT (Smart Chains for Information Technology)

Powered by Koha